| 000 | 00748nam a2200241 4500 | ||
|---|---|---|---|
| 001 | 14735 | ||
| 003 | BD-RjUL | ||
| 005 | 20211208235701.0 | ||
| 008 | 140208r19601956-usa 001 0 eng d | ||
| 035 | _a(BD-RjUL)14789 | ||
| 040 |
_aDLC _cO _dDLC _dBD-RjUL _beng |
||
| 041 | _aeng | ||
| 082 |
_a630.068 _bWAM 1960 _223 |
||
| 100 | 1 |
_aWallace, James J. _945906 |
|
| 245 | 1 | 0 |
_aManaging the tenant-operated farm / _c James J. Wallace [and] Raymond R. Beneke. |
| 260 |
_aAmes ; _aU.S.A. : _bIowa State College Press, _cc1956 [reprinted 1960] |
||
| 300 |
_aviii, 280 p. : _bill. ; _c23 cm. |
||
| 500 | _aIncludes Indexes | ||
| 650 | 0 |
_aFarm management. _945907 |
|
| 700 | 1 |
_aBeneke, Raymond R., _d1919- _945908 |
|
| 942 |
_2ddc _cBK |
||
| 999 |
_c14735 _d14735 |
||